000
00304nam a22001337a 4500
008
170314b xxu||||| |||| 00| 0 eng d
020
_a
9780073378275
041
_a
eng
080
_2
13TH
_a
611
100
_a
7
101
_a
SHM
245
_a
HOLE'S HUMAN ANATOMY & PHYSIOLOGY
_c
SHIER, D
942
_2
udc
_c
BK
999
_c
7741
_d
7741